La escala del poder (Record no. 173816)

MARC details
000 -LEADER
campo de control de longitud fija 00734nam a22001575i 4500
001 - NÚMERO DE CONTROL
campo de control 173816
003 - IDENTIFICADOR DE NÚMERO DE CONTROL
campo de control ES-MaACL
005 - FECHA Y HORA DE LA ÚLTIMA TRANSACCIÓN
campo de control 20230906215343.0
008 - DATOS DE LONGITUD FIJA--INFORMACIÓN GENERAL
campo de control de longitud fija 100122s1855 sp |||| | spa d
100 1# - ENTRADA PRINCIPAL--NOMBRE DE PERSONA
Nombre de persona Guerrero, Teodoro.
9 (RLIN) 148902
245 13 - MENCIÓN DEL TÍTULO
Título La escala del poder
Resto del título : drama en tres actos y un prólogo /
Mención de responsabilidad, etc. original de Teodoro Guerrero.
260 ## - PUBLICACIÓN, DISTRIBUCIÓN, ETC.
Lugar de publicación, distribución, etc. Madrid :
Nombre del editor, distribuidor, etc. [s.n.],
Fecha de publicación, distribución, etc. 1855 (
Fabricante Imp. de José Rodríguez)
300 ## - DESCRIPCIÓN FÍSICA
Extensión 109 p. ;
Dimensiones 17 cm.
500 ## - NOTA GENERAL
Nota general En port.: Representado por primera vez en el teatro del Príncipe el 19 de abril de 1855.
852 ## - LOCALIZACIÓN
Ubicación ES-MaACL
Número de control de estantería F-8616(11)
Nota libre .- Enc. pasta española
condición física .- Falto de la cub. original
Nota libre .- Enc. en un vol. facticio formando parte de la col. facticia "Teatro español moderno", vol. 71
Holdings
Estatus retirado Estado de pérdida Estado de daño No para préstamo Colección Biblioteca de origen Biblioteca actual Ubicación en estantería Fecha de adquisición Fuente de adquisición Total de préstamos Signatura topográfica completa Código de barras Visto por última vez Precio de reemplazo Tipo de ítem Koha
        Libros del s. XIX Biblioteca del Ateneo de Madrid Biblioteca del Ateneo de Madrid Sala Pecera Planta 2 22/01/2010     F-8616(11) 1182447 23/02/2023 23/02/2023 Libro impreso antiguo